Game Of Thrones Characters (Slideshow) Quiz Stats

Quiz not verified by Sporcle

Challenge
Share
Tweet
Score 0/197 Timer 20:00
0 Plays Today
% Correct
Jon Snow
98.3%
Daenerys Targaryen
97.5%
Tywin Lannister
96.6%
Cersei Lannister
95.9%
Bran Stark
95.9%
Jaime Lannister
95.7%
Petyr Baelish
95.6%
Jorah Mormont
95.5%
Samwell Tarly
94.7%
Theon Greyjoy
94.4%
Arya Stark
94.4%
Stannis Baratheon
94.2%
Catelyn Stark
94.2%
Eddard 'Ned' Stark
94.1%
Robert Baratheon
93.8%
Sansa Stark
93.8%
Margaery Tyrell
92.9%
Varys
92.8%
Ygritte
92.7%
Tyrion Lannister
92.6%
Khal Drogo
92.6%
Melisandre
92.5%
Joffrey Baratheon
92.5%
Shae
92%
Renly Baratheon
91.7%
Davos Seaworth
91.4%
Bronn
91.2%
Lysa Arryn
89.9%
Hodor
89.3%
Jeor Mormont
87.8%
Gendry
87.4%
Osha
86.5%
Rickon Stark
86.3%
Robin Arryn
86%
Ramsay Bolton
85.7%
Yara Greyjoy
84%
Gregor Clegane
83.2%
Talisa Stark
83%
Lancel Lannister
82.8%
Brienne Of Tarth
82.1%
Tommen Baratheon
81.7%
Olly
81.3%
Podrick Payne
81.1%
Grey Worm
80.7%
Roose Bolton
80.3%
Sandor Clegane
80.1%
Robb Stark
79.8%
Lyanna Mormont
79.6%
Balon Greyjoy
79.5%
Ros
79.1%
Oberyn Martell
78.8%
Loras Tyrell
78.8%
Grand Maester Pycelle
78.3%
Shireen Baratheon
78.2%
Maester Luwin
78.2%
Gilly
78.2%
Barristan Selmy
77.6%
Maester Aemon
77.1%
Syrio Forel
77.1%
Ghost
77.1%
Meera Reed
76.7%
Doran Martell
76.7%
Benjen Stark
76.4%
The Waif
76.3%
Trystane Martell
76%
Myrcella Baratheon
75.8%
% Correct
Walda Frey
75.6%
Three-Eyed Raven
75.6%
Euron Greyjoy
75.6%
Drogon
75.4%
Obara Sand
75.2%
Mance Rayder
75.2%
Lady
74.8%
Olenna Redwyne
74.7%
Walder Frey
74.6%
Summer
73.3%
Edmure Tully
72.7%
Nymeria
72.5%
Night King
72.5%
Grey Wind
72.2%
Jon Arryn
72.1%
Nymeria Sand
71.9%
Aerys 'The Mad King' Targaryen
71.9%
Missandei
71.9%
Hot Pie
71.8%
Shaggydog
71.5%
Viserys Targaryen
71%
Jojen Reed
70.9%
Daario Naharis
70.9%
Tyene Sand
70.8%
Myranda
69.8%
Leaf
69.2%
Tormund Giantsbane
68.6%
Mace Tyrell
68.4%
Selyse Baratheon
67.9%
Rodrik Cassel
67.9%
Alliser Thorne
66.9%
Grenn
66.5%
Ellaria Sand
66.2%
Randyll Tarly
66%
Viserion
65.6%
Jaqen H'ghar
64.8%
Dickon Tarly
64.6%
Old Nan
64.4%
Septa Mordane
64%
Septa Unella
63.5%
Wun Wun
63.5%
Brynden Tully
63.2%
Locke
62.3%
Ilyn Payne
61.6%
Doreah
61.6%
Pypar
60.7%
Rhaegal
60.6%
Irri
59.9%
Pyat Pree
59%
The Lord Of Bones
57.9%
Rickard Karstark
57.4%
Beric Dondarrion
57.3%
Jory Cassel
56.9%
Lady Crane
56.9%
Xaro Xhoan Daxos
56.4%
Yohn Royce
56.2%
Meryn Trant
56.1%
Thoros Of Myr
55.8%
Melessa Tarly
55.6%
Illyrio Mopatis
55.5%
Talla Tarly
54.8%
Lyanna Stark
54.8%
Kevan Lannister
54.6%
Mirri Maz Duur
53.9%
Aeron Greyjoy
53.3%
Craster
52.1%
% Correct
Greatjon Umber
51.8%
Smalljon Umber
51.5%
Orell
51.3%
Yoren
50.6%
Qhorin Halfhand
49.8%
Qyburn
48.3%
Salladhor Saan
47.6%
Matthos Seaworth
47.2%
Dontos Hollard
46.4%
Khal Moro
46.3%
Roslin Tully
45.9%
The High Septon
45.8%
Areo Hotah
45.8%
Arthur Dayne
45.8%
Lommy Greenhands
45.8%
Hizdahr Zo Loraq
45%
Lothar Frey
45%
Brother Ray
44.6%
Styr
44.4%
Eddison Tollett
44.2%
Shagga
44%
Robett Glover
42.9%
Biter
42.8%
Rast
41.9%
Polliver
39.4%
Karl Tanner
39.3%
The Spice King
39%
Rakharo
38.8%
Janos Slynt
37.2%
Karsi
33.8%
Alton Lannister
33.7%
Rorge
32.8%
Dagmer Cleftjaw
32.4%
Harald Karstark
31.7%
Bowen Marsh
27.7%
Othell Yarwyck
26.5%
Kinvara
26.5%
Anguy
26.1%
Mossador
25%
Citadel Maester
25%
Tycho Nestoris
23.4%
Bianca
22.1%
Mero
21.9%
Amory Lorch
21%
Quaithe
20.6%
Qotho
20.4%
Kraznys mo Nakloz
18.9%
Anya Waynwood
18%
Kovarro
17.4%
Yezzan Zo Qaggaz
16.9%
Denys Mallister
16.5%
Hallyne
15.5%
Aggo
14.6%
Bobono
14.4%
Prendahl Na Ghezn
14.2%
Lorren
14.1%
Razdal Mo Eraz
12.7%
Tobho Mott
12.5%
Izembaro
11.9%
Clarenzo
11.5%
Malko
9.6%
Lhara
8.1%
Clea
7.7%
Qhono
7.5%
Camello
6.5%

You're not logged in!

Compare scores with friends on all Sporcle quizzes.
Sign Up with Email
OR
Log In

You Might Also Like...

Show Comments

Extras

Top Quizzes Today


Score Distribution

Your Account Isn't Verified!

In order to create a playlist on Sporcle, you need to verify the email address you used during registration. Go to your Sporcle Settings to finish the process.